000 00604nam a2200241 a 4500
001 0001-1362
003 ELIB.Books
008 151028 2010 eng
020 _a0060668342
035 _a(ELIB.Books)0001-1517
092 _a262
_bRue
100 _aRuether, Rosemary Radford
245 _aWomen-Church
260 _aSan Francisco
_bHarper & Row, Publishers
_c1985
300 _a306
_c21.5 Cm
500 _aC/o Par Si Thu
650 _aChurch
856 _nKBTS: Library
_uKBTS: Elib
942 _2ddc
_cBK
990 _a1
998 _cbat
_e2015-10-28
999 _c11362
_d11362